Statistics for 2023年东欧百万人口城市

Click here to take the quiz!

General Stats

  • This quiz has been taken 226 times
  • The average score is 14 of 24

Answers on the Map

Answers color-coded by a green-red scale on the quiz's map according to % correct below.
 

Answer Stats

人口(万)城市% Correct
1880莫斯科
99%
347.5 *基辅
97%
640圣彼得堡
97%
247.5华沙
95%
205明斯克
91%
265布达佩斯
85%
146布拉格
84%
124索非亚
76%
144贝尔格莱德
74%
220布加勒斯特
69%
142顿涅茨克
66%
109伏尔加格勒
65%
157喀山
63%
160 *哈尔科夫
62%
110 *敖德萨
61%
140顿河畔罗斯托夫
48%
166下诺夫哥罗德
33%
134 *第聂伯罗
28%
137萨马拉
25%
109彼尔姆
21%
225卡托维兹
20%
116沃罗涅日
18%
122乌法
17%
120萨拉托夫
17%

Score Distribution

Percentile by Number Answered

Percent of People with Each Score

Your Score History

You have not taken this quiz